[Event "Turkish Cup 2016"]
[Site "Manavgat TUR"]
[Date "2016.01.30"]
[Round "1.1"]
[White "Haznedaroglu, Kivanc"]
[Black "Direkci, Gokhan"]
[Result "1-0"]
[WhiteTitle "GM"]
[WhiteElo "2467"]
[BlackElo "1665"]
[WhiteTeam "MANISA"]
[BlackTeam "KARAMAN"]
[WhiteFideId "6300634"]
[BlackFideId "6341683"]
[EventDate "2016.01.30"]

1. e4 c5 2. c3 e6 3. d4 d5 4. e5 Nc6 5. Nf3 Nge7 6. Na3 Ng6 7. Nc2 Nh4 8. Nxh4
Qxh4 9. Be2 cxd4 10. cxd4 Bd7 11. O-O h5 12. g3 Qd8 13. Bxh5 Qb6 14. Be2 g5 15.
Bxg5 Qxb2 16. Qd3 Qb6 17. Rab1 Qc7 18. Ne3 Nb4 19. Qd2 Nc6 20. Ng4 Bg7 21. Rfc1
Rc8 22. Qf4 Qa5 23. Nf6+ Bxf6 24. Qxf6 1-0

[Event "Turkish Cup 2016"]
[Site "Manavgat TUR"]
[Date "2016.01.30"]
[Round "1.2"]
[White "Subasi, Zeki"]
[Black "Yilmazyerli, Mert"]
[Result "0-1"]
[BlackTitle "IM"]
[WhiteElo "1723"]
[BlackElo "2438"]
[WhiteTeam "SIVAS"]
[BlackTeam "KAYSERI"]
[WhiteFideId "6345433"]
[BlackFideId "6305962"]
[EventDate "2016.01.30"]

1. e4 g6 2. Nf3 Bg7 3. d4 d6 4. Be3 Nf6 5. Nc3 O-O 6. Bc4 Nxe4 7. Nxe4 d5 8. Bd3
dxe4 9. Bxe4 Nd7 10. O-O c5 11. dxc5 Qc7 12. c6 bxc6 13. c3 Nf6 14. Bc2 Rb8 15.
Rb1 Be6 16. Bb3 Bf5 17. Bc2 Be6 18. Bb3 Rfd8 19. Qc1 Nd5 20. Bc5 Nf4 21. Qe3 Rd3
22. Qe1 Nxg2 23. Kxg2 Rxb3 24. Qe4 Rxf3 25. axb3 Bd5 26. Qxf3 Bxf3+ 27. Kxf3
Qxh2 28. Rh1 Qe5 29. b4 Qf5+ 30. Ke2 Qe4+ 31. Kd2 a5 32. Rbe1 Qf4+ 33. Kc2 axb4
34. Bxe7 bxc3 35. bxc3 Qxf2+ 36. Kb3 Qf3 37. Bb4 c5 38. Re8+ Bf8 39. Bxc5 Qd5+
40. Kb4 Qxc5+ 0-1

[Event "Turkish Cup 2016"]
[Site "Manavgat TUR"]
[Date "2016.01.30"]
[Round "1.3"]
[White "Firat, Burak"]
[Black "Celikel, Fatih"]
[Result "1-0"]
[WhiteTitle "IM"]
[WhiteElo "2452"]
[BlackElo "1709"]
[WhiteTeam "ISTANBUL"]
[BlackTeam "KONYA"]
[WhiteFideId "6305881"]
[BlackFideId "6388655"]
[EventDate "2016.01.30"]

1. e4 d6 2. d4 Nf6 3. Nc3 g6 4. Bg5 Nbd7 5. f4 h6 6. Bh4 Nb6 7. Qd2 Bg7 8. O-O-O
c6 9. Nf3 O-O 10. Bd3 Bg4 11. f5 g5 12. Bf2 Nbd7 13. h4 Bxf3 14. gxf3 g4 15. h5
gxf3 16. Rdg1 Kh7 17. Qf4 Qa5 18. Be3 Rh8 19. Rg3 f2 20. Bxf2 Qc7 21. Be3 Rag8
22. Rg6 Rc8 23. Qxh6+ Bxh6 24. Rxh6+ 1-0

[Event "Turkish Cup 2016"]
[Site "Manavgat TUR"]
[Date "2016.01.30"]
[Round "1.4"]
[White "Demirci, Fatih"]
[Black "Ali Marandi, Cemil Can"]
[Result "0-1"]
[BlackTitle "IM"]
[WhiteElo "1653"]
[BlackElo "2450"]
[WhiteTeam "KARAMAN"]
[BlackTeam "HATAY"]
[WhiteFideId "6388663"]
[BlackFideId "6300529"]
[EventDate "2016.01.30"]

1. e4 e6 2. d4 d5 3. Nd2 Be7 4. f4 c5 5. c3 cxd4 6. cxd4 dxe4 7. Nxe4 Nf6 8. Bd3
Nc6 9. Nf3 O-O 10. O-O Nxd4 11. Nfg5 Nf5 12. Rf3 Nxe4 13. Nxe4 Qd4+ 14. Kh1 Rd8
15. Bd2 Bb4 16. Bxb4 Qxb4 17. Rh3 Qe7 18. Qh5 h6 19. Rg1 g6 20. Qf3 Bd7 21. g4
Bc6 22. gxf5 exf5 23. Qh5 Bxe4+ 24. Bxe4 Qxe4+ 25. Qf3 Qxf3+ 26. Rxf3 Rd2 27.
Rb3 Rc8 28. Rxb7 Rcc2 29. Re1 Rxh2+ 30. Kg1 Rcg2+ 31. Kf1 Rxb2 0-1

[Event "Turkish Cup 2016"]
[Site "Manavgat TUR"]
[Date "2016.01.30"]
[Round "1.5"]
[White "Erdogdu, Mert"]
[Black "Peksen, Emirhan"]
[Result "1/2-1/2"]
[WhiteTitle "IM"]
[WhiteElo "2438"]
[BlackElo "1674"]
[WhiteTeam "ISTANBUL"]
[BlackTeam "ERZURUM"]
[WhiteFideId "6301495"]
[BlackFideId "6383203"]
[EventDate "2016.01.30"]

1. e4 e6 2. d4 d5 3. Nc3 Bb4 4. e5 c5 5. a3 Bxc3+ 6. bxc3 Ne7 7. Qg4 Qc7 8. Qxg7
Rg8 9. Qxh7 cxd4 10. Ne2 Nbc6 11. f4 Bd7 12. Qd3 dxc3 13. Qxc3 O-O-O 14. Rg1 Nf5
15. g4 Nh4 16. Rg3 Kb8 17. Be3 Rc8 18. O-O-O Na5 19. Qxc7+ Rxc7 20. Nd4 Nc4 21.
Bf2 Ng6 22. Rf3 Ne7 23. h3 a6 24. Be2 Nc6 25. Rg1 Nxd4 26. Bxd4 Rgc8 27. Bd1 Ba4
28. Rg2 b5 29. f5 a5 30. fxe6 fxe6 31. Rgf2 b4 32. axb4 axb4 33. Rf7 Rxf7 34.
Rxf7 Bxc2 35. Bxc2 Na3 36. Kb2 Nxc2 37. Ba7+ Ka8 38. Bf2 Na3 39. Kb3 Nc4 40. Rf6
Nxe5 41. Rxe6 Nd3 42. Bd4 Nc1+ 43. Ka4 b3 44. Ka3 Rc2 45. Re1 Ra2+ 46. Kb4 b2
47. Re8+ Kb7 48. Bxb2 Rxb2+ 49. Kc5 Rh2 50. Re7+ Kc8 51. Re3 Ne2 52. Kxd5 Nf4+
53. Kc6 Kd8 54. Rf3 1/2-1/2

[Event "Turkish Cup 2016"]
[Site "Manavgat TUR"]
[Date "2016.01.30"]
[Round "1.6"]
[White "Koker, Turan Sevki"]
[Black "Kanmazalp, Ogulcan"]
[Result "0-1"]
[BlackTitle "IM"]
[WhiteElo "1785"]
[BlackElo "2443"]
[WhiteTeam "KAYSERI"]
[BlackTeam "KAYSERI"]
[WhiteFideId "6366350"]
[BlackFideId "6304990"]
[EventDate "2016.01.30"]

1. e4 c5 2. Nf3 Nc6 3. d4 cxd4 4. Nxd4 Nf6 5. Nc3 d6 6. Be2 e6 7. Be3 a6 8. O-O
Be7 9. h3 O-O 10. a4 Qc7 11. Nb3 b6 12. f4 Re8 13. g4 Bf8 14. Bf3 Bb7 15. Qd2
Rab8 16. Qf2 Ba8 17. Nd4 Nxd4 18. Bxd4 e5 19. fxe5 dxe5 20. Be3 Bc5 21. Bxc5
Qxc5 22. Qxc5 bxc5 23. g5 Nd7 24. Rfd1 Nf8 25. b3 Ne6 26. Bg2 Nxg5 27. Rd6 Bb7
28. Rad1 Ne6 29. Bf1 Nd4 30. Bd3 Red8 31. Rxd8+ Rxd8 32. Kf2 g6 33. Ke3 a5 34.
Rf1 Kg7 35. Nb1 Bc8 36. h4 f5 37. Na3 f4+ 38. Kd2 Be6 39. Kc3 Kf6 40. Nc4 Nc6
41. Nd2 h6 42. Bb5 Nd4 43. Nc4 Ne2+ 44. Kb2 Ng3 45. Re1 Bxc4 46. Bxc4 g5 47.
hxg5+ hxg5 48. c3 g4 49. b4 cxb4 50. cxb4 axb4 51. a5 f3 52. Rg1 Nxe4 53. Rxg4
Rd2+ 54. Kc1 Rd4 55. Bb5 Kf5 56. Rg8 Rd5 57. Rf8+ Nf6 58. Bf1 Rxa5 59. Kd2 e4
60. Ke3 Ke5 0-1

[Event "Turkish Cup 2016"]
[Site "Manavgat TUR"]
[Date "2016.01.30"]
[Round "1.7"]
[White "Arat, Ufuk Sezen"]
[Black "Yassibag, Ipek Asli"]
[Result "1-0"]
[WhiteTitle "IM"]
[WhiteElo "2421"]
[BlackElo "1706"]
[WhiteTeam "ISTANBUL"]
[BlackTeam "HATAY"]
[WhiteFideId "6309089"]
[BlackFideId "6342400"]
[EventDate "2016.01.30"]

1. e4 d5 2. exd5 Nf6 3. d4 Bg4 4. Be2 Bxe2 5. Qxe2 Qxd5 6. Nf3 Nc6 7. c4 Qf5 8.
O-O O-O-O 9. d5 Nb4 10. Nc3 e6 11. dxe6 Nc2 12. Rb1 fxe6 13. Be3 Nxe3 14. Qxe3
Bc5 15. Qe2 Rhe8 16. b4 Qd3 17. bxc5 Qxc3 18. Rb3 Qa5 19. Rfb1 b6 20. cxb6 axb6
21. Rb5 Qa6 22. Ne5 Rd6 23. c5 Rd5 24. Rxb6 1-0

[Event "Turkish Cup 2016"]
[Site "Manavgat TUR"]
[Date "2016.01.30"]
[Round "1.8"]
[White "Gok, Muhsin"]
[Black "Kerigan, Demre"]
[Result "0-1"]
[BlackTitle "IM"]
[WhiteElo "1784"]
[BlackElo "2378"]
[WhiteTeam "MUS"]
[BlackTeam "ISTANBUL"]
[WhiteFideId "34504842"]
[BlackFideId "6307841"]
[EventDate "2016.01.30"]

1. Nf3 g6 2. g3 Bg7 3. Bg2 Nf6 4. Nc3 d5 5. d4 c5 6. O-O Nc6 7. Be3 O-O 8. Ne5
Nxd4 9. Bxd4 cxd4 10. Nb5 Nd7 11. Nxd7 Bxd7 12. Nxd4 Qb6 13. Nb3 Bc6 14. Rb1
Rfd8 15. Qe1 a5 16. Qd2 e5 17. Rfd1 a4 18. Nc1 e4 19. a3 d4 20. Na2 e3 21. fxe3
Bh6 22. Qe1 Bxe3+ 23. Kh1 Bxg2+ 24. Kxg2 Qc6+ 25. Kh3 Rd5 26. g4 Raa5 27. Qh1
Rh5+ 28. Kg3 Qd6+ 29. Kg2 Qd5+ 0-1

[Event "Turkish Cup 2016"]
[Site "Manavgat TUR"]
[Date "2016.01.30"]
[Round "1.9"]
[White "Tuncer, Tuna"]
[Black "Koc, Serkan"]
[Result "1-0"]
[WhiteTitle "FM"]
[WhiteElo "2353"]
[BlackElo "1755"]
[WhiteTeam "ISTANBUL"]
[BlackTeam "SAMSUN"]
[WhiteFideId "6349269"]
[BlackFideId "6305008"]
[EventDate "2016.01.30"]

1. e4 e5 2. Nf3 Nf6 3. d4 exd4 4. e5 Bb4+ 5. c3 dxc3 6. bxc3 Be7 7. exf6 Bxf6 8.
Bd3 O-O 9. O-O d6 10. Qc2 h6 11. Re1 Nd7 12. Be3 Ne5 13. Nxe5 Bxe5 14. Nd2 f5
15. Nf3 Rf6 16. Rad1 Qf8 17. Bc1 Be6 18. Nxe5 dxe5 19. Rxe5 g6 20. Rxe6 Rxe6 21.
Bc4 Re8 22. Qb3 Qf6 23. Re1 Kf7 24. Bxh6 b5 25. Bxe6+ Rxe6 26. Bg5 Kf8 27. Qxe6
Qxg5 28. Qe8+ 1-0

[Event "Turkish Cup 2016"]
[Site "Manavgat TUR"]
[Date "2016.01.30"]
[Round "1.10"]
[White "Nailer, Ali"]
[Black "Soysal, Serkan"]
[Result "0-1"]
[BlackTitle "FM"]
[WhiteElo "1775"]
[BlackElo "2349"]
[WhiteTeam "K.K.T.C."]
[BlackTeam "KAHRAMANMARAS"]
[WhiteFideId "6341888"]
[BlackFideId "6349250"]
[EventDate "2016.01.30"]

1. c4 g6 2. g3 Bg7 3. Bg2 c5 4. Nc3 Nc6 5. Nf3 e6 6. e4 Nge7 7. O-O O-O 8. Re1
d6 9. Rb1 b6 10. d3 Bb7 11. Qd2 d5 12. a3 dxc4 13. dxc4 Nd4 14. Nxd4 cxd4 15.
Ne2 e5 16. b4 Rc8 17. Qd3 Qc7 18. c5 bxc5 19. bxc5 Qc6 20. Qb5 Ba6 21. Qa5 Bd3
22. Rb3 Bc4 23. Rb2 Qxc5 24. Bd2 Qxa5 25. Bxa5 Nc6 26. Bd2 Ba6 27. Nc1 Rb8 28.
Rc2 Rb6 29. Bf1 Bxf1 30. Kxf1 Rc8 31. Nd3 Ne7 32. Rxc8+ Nxc8 33. Rc1 Nd6 34. Bb4
f6 35. f3 Ne8 36. Rc8 Kf7 37. Ra8 Rb7 38. Nc5 Rc7 39. Ke2 Bf8 40. Ne6 Kxe6 41.
Rxe8+ Be7 42. Bxe7 Rxe7 43. Rc8 Rb7 44. Rc6+ Ke7 45. Rc2 Kd7 46. f4 Kd6 47. a4
Rb3 48. fxe5+ fxe5 49. Kd2 Ra3 0-1

[Event "Turkish Cup 2016"]
[Site "Manavgat TUR"]
[Date "2016.01.30"]
[Round "1.11"]
[White "Yurtseven, Melih"]
[Black "Karahan, Anil"]
[Result "1-0"]
[WhiteTitle "FM"]
[WhiteElo "2332"]
[BlackElo "1711"]
[WhiteTeam "KAYSERI"]
[BlackTeam "ANTALYA"]
[WhiteFideId "6312160"]
[BlackFideId "6366899"]
[EventDate "2016.01.30"]

1. e4 e6 2. d4 d5 3. e5 c5 4. c3 Nc6 5. Nf3 Bd7 6. Na3 Qb6 7. Nc2 f6 8. Bd3 cxd4
9. cxd4 g6 10. O-O Bg7 11. Re1 fxe5 12. dxe5 Nge7 13. Qe2 O-O 14. Be3 Qc7 15.
Bc5 Rfe8 16. Bd6 Qb6 17. b4 Nf5 18. Bc5 Qc7 19. Rac1 b6 20. Bd4 Ncxd4 21. Ncxd4
Nxd4 22. Nxd4 Qd8 23. Ba6 Rf8 24. g3 Qe7 25. a3 Bc8 26. Rc6 Qd7 27. Bxc8 Raxc8
28. Rd6 Qf7 29. Nxe6 Bxe5 30. Ng5 Qf5 31. Qxe5 Qxf2+ 32. Kh1 Rc2 33. Qxd5+ Kh8
34. Qd4+ Qxd4 35. Rxd4 Rff2 36. Rd8+ Kg7 37. Rd7+ Kh6 38. Nf7+ 1-0

[Event "Turkish Cup 2016"]
[Site "Manavgat TUR"]
[Date "2016.01.30"]
[Round "1.12"]
[White "Kayan, Veli"]
[Black "Koksal, Ege"]
[Result "1/2-1/2"]
[BlackTitle "FM"]
[WhiteElo "1725"]
[BlackElo "2331"]
[WhiteTeam "AYDIN"]
[BlackTeam "MANISA"]
[WhiteFideId "6339530"]
[BlackFideId "6317626"]
[EventDate "2016.01.30"]

1. e4 e5 2. Nf3 Nc6 3. Bc4 Bc5 4. c3 Nf6 5. d3 d6 6. Nbd2 a6 7. Nf1 Bb6 8. Ng3
Na5 9. Bb3 Nxb3 10. axb3 O-O 11. O-O Re8 12. Kh1 h6 13. h3 d5 14. Qe2 Qd6 15.
Nh4 Be6 16. Nhf5 Qc6 17. f3 Kh7 18. c4 dxc4 19. bxc4 Rad8 20. b4 Bxf5 21. Nxf5
Bd4 22. Nxd4 Rxd4 23. Bb2 Nh5 24. Qc2 Rd7 25. Rfd1 Qb6 26. Ra5 f6 27. Bc3 Nf4
28. c5 Qe6 29. d4 exd4 30. Rxd4 Rxd4 31. Bxd4 Rd8 32. Be3 Nd3 33. b5 axb5 34.
Rxb5 Qa6 35. Rb1 Ne5 36. Bf4 Re8 37. Bxe5 Rxe5 38. Kh2 Qc6 39. Rc1 h5 40. Qc4
Kg6 41. Rc3 Qe8 42. Rb3 Qe7 43. Rc3 c6 44. Qd4 h4 45. Rc4 Kf7 46. Kg1 g5 47. Rc2
Re6 48. Rd2 Re5 49. Rc2 Kg6 50. Qc4 Kg7 51. Qd4 Kf7 52. Qc4+ Qe6 53. Qb4 Qe7 54.
Qc4+ Kg7 55. Qd4 Qf7 56. Rb2 Re7 57. Rd2 Qe6 58. Kf2 Kf7 59. Rd3 Re8 60. Ke3 Ra8
61. Qd7+ Qxd7 62. Rxd7+ Ke6 63. Rxb7 Ra3+ 64. Kd4 Ra2 65. Rc7 Rxg2 66. Rxc6+ Ke7
67. Rc7+ Ke6 68. Rc6+ Ke7 69. Rc7+ Ke6 70. Rc6+ Ke7 71. Rb6 Rd2+ 72. Kc3 1/2-1/2

[Event "Turkish Cup 2016"]
[Site "Manavgat TUR"]
[Date "2016.01.30"]
[Round "1.13"]
[White "Apaydin, Fethi"]
[Black "Altin, Kadir"]
[Result "1-0"]
[WhiteTitle "FM"]
[WhiteElo "2234"]
[BlackElo "1773"]
[WhiteTeam "ISTANBUL"]
[BlackTeam "KONYA"]
[WhiteFideId "6302521"]
[BlackFideId "6342477"]
[EventDate "2016.01.30"]

1. e4 g6 2. Nc3 d6 3. g3 Bg7 4. d3 c6 5. Bg2 Nd7 6. f4 Qc7 7. Nf3 b5 8. O-O Bb7
9. h3 Rc8 10. Ne2 c5 11. g4 c4 12. Rb1 b4 13. Be3 Nc5 14. f5 Ba6 15. Nf4 Bb7 16.
Ng5 Bf6 17. Nxf7 Kxf7 18. fxg6+ hxg6 19. g5 Qd7 20. Qf3 Ne6 21. gxf6 Nxf6 22.
Nd5 Bxd5 23. exd5 Nf8 24. Bd4 Nh7 25. Rbe1 Ng5 26. Qg4 Qxg4 27. hxg4 Nh7 28. g5
Nxg5 29. Rxe7+ Kxe7 30. Bxf6+ Kd7 31. Bxg5 Rcf8 32. Rxf8 Rxf8 33. dxc4 Kc7 34.
Bd2 a5 35. a3 bxa3 36. Bxa5+ Kb7 37. bxa3 Rf4 38. Bf1 Rf3 39. Bb4 Kc7 40. Kg2
Rf4 41. c5 dxc5 42. Bxc5 Rf5 43. c4 Rf4 44. Be3 Re4 45. Kf3 Re8 46. c5 Ra8 47.
Bb5 Rxa3 48. d6+ Kd8 49. c6 1-0

[Event "Turkish Cup 2016"]
[Site "Manavgat TUR"]
[Date "2016.01.30"]
[Round "1.14"]
[White "Erece, Ece Alkim"]
[Black "Eminov, Orkhan"]
[Result "0-1"]
[WhiteTitle "WCM"]
[BlackTitle "FM"]
[WhiteElo "1723"]
[BlackElo "2263"]
[WhiteTeam "BURSA"]
[BlackTeam "ANKARA"]
[WhiteFideId "6346006"]
[BlackFideId "13402153"]
[EventDate "2016.01.30"]

1. e4 c5 2. Nf3 Nc6 3. Bb5 g6 4. Bxc6 bxc6 5. d3 Bg7 6. Nc3 d6 7. O-O Rb8 8. Re1
e5 9. b3 Ne7 10. Be3 O-O 11. Qd2 Bg4 12. Bh6 Bxf3 13. Bxg7 Kxg7 14. gxf3 Qd7 15.
Kh1 f5 16. f4 exf4 17. e5 dxe5 18. Rxe5 g5 19. Rxc5 Ng6 20. Ne2 Rbe8 21. Qc3+
Kh6 22. Nd4 Kh5 23. Nxc6 Rc8 24. f3 Rfe8 25. Qf6 Rf8 26. Qc3 Nh4 27. d4 Rfe8 28.
Ne5 Rxc5 29. Qxc5 Qb7 30. Rf1 g4 31. Nxg4 Qxf3+ 0-1

[Event "Turkish Cup 2016"]
[Site "Manavgat TUR"]
[Date "2016.01.30"]
[Round "1.15"]
[White "Ozkan, Ervin"]
[Black "Alagoz, Mahmut"]
[Result "1-0"]
[WhiteElo "2242"]
[BlackElo "1768"]
[WhiteTeam "BURSA"]
[BlackTeam "SANLIURFA"]
[WhiteFideId "6306004"]
[BlackFideId "6383360"]
[EventDate "2016.01.30"]

1. d4 d5 2. Bf4 Nf6 3. e3 Bg4 4. f3 Bh5 5. c4 c6 6. Qb3 Qb6 7. Nd2 Nbd7 8. c5
Qxb3 9. axb3 a6 10. b4 e6 11. b5 cxb5 12. Bxb5 Rc8 13. Ba4 Bg6 14. g4 Be7 15.
Ne2 h6 16. h4 Bd8 17. Kf2 Bc7 18. Bxc7 Rxc7 19. Nf4 Ke7 20. g5 Nh5 21. Nxg6+
fxg6 22. Bxd7 Rxd7 23. f4 hxg5 24. hxg5 e5 25. fxe5 Ke6 26. Kg2 Rf7 27. Rhf1
Rhf8 28. Rxf7 Rxf7 29. b4 Rf5 30. Nf3 Kd7 31. Rb1 Kc6 32. b5+ axb5 33. e6 Rf8
34. Ne5+ Kc7 35. Rxb5 Ra8 36. e7 Re8 37. Nxg6 Rb8 38. Rb6 Ra8 39. Kf3 Kd7 40.
Rxb7+ Ke8 41. Kg4 Kf7 42. Kxh5 1-0

[Event "Turkish Cup 2016"]
[Site "Manavgat TUR"]
[Date "2016.01.30"]
[Round "1.16"]
[White "Kiyagan, Erhan"]
[Black "Dogan, Ali Ekber"]
[Result "0-1"]
[WhiteElo "1744"]
[BlackElo "2140"]
[WhiteTeam "BITLIS"]
[BlackTeam "MALATYA"]
[WhiteFideId "6330240"]
[BlackFideId "6304540"]
[EventDate "2016.01.30"]

1. e4 e6 2. d4 d5 3. exd5 exd5 4. Nf3 Bd6 5. Be2 Ne7 6. Be3 O-O 7. Nbd2 Nf5 8.
Nf1 Re8 9. Qd2 Nxe3 10. fxe3 Nd7 11. O-O-O Nf6 12. Bd3 Qe7 13. Re1 c5 14. c3 c4
15. Bc2 b5 16. Ng3 b4 17. e4 bxc3 18. bxc3 Bxg3 19. hxg3 Qa3+ 20. Kd1 Nxe4 21.
Bxe4 dxe4 22. Qc2 Bd7 23. Kd2 Ba4 24. Qc1 Qxa2+ 0-1

[Event "Turkish Cup 2016"]
[Site "Manavgat TUR"]
[Date "2016.01.30"]
[Round "1.17"]
[White "Baglan, Esat"]
[Black "Gulerdil, Yagiz"]
[Result "1-0"]
[WhiteTitle "FM"]
[WhiteElo "2238"]
[BlackElo "1715"]
[WhiteTeam "ISTANBUL"]
[BlackTeam "KONYA"]
[WhiteFideId "6309216"]
[BlackFideId "6358233"]
[EventDate "2016.01.30"]

1. e4 e6 2. d4 d5 3. Nd2 Nc6 4. Ngf3 Nf6 5. e5 Nd7 6. Be2 f6 7. exf6 Qxf6 8. Nf1
Bd6 9. Ne3 O-O 10. O-O Re8 11. c4 Ne7 12. c5 Bf4 13. Ng4 Qf8 14. g3 Bxc1 15.
Rxc1 c6 16. Nge5 a5 17. Nxd7 Bxd7 18. Ne5 Red8 19. Bg4 Qf6 20. Re1 Nf5 21. Bxf5
exf5 22. f4 Be8 23. Rc3 Ra6 24. Rb3 Rb8 25. Qe2 h6 26. Qxa6 bxa6 27. Rxb8 Qe7
28. Nf3 Qc7 29. Rexe8+ Kh7 30. Ne5 1-0

[Event "Turkish Cup 2016"]
[Site "Manavgat TUR"]
[Date "2016.01.30"]
[Round "1.18"]
[White "Celik, Erdinc"]
[Black "Erdogan, Hakan"]
[Result "1-0"]
[BlackTitle "FM"]
[WhiteElo "1706"]
[BlackElo "2170"]
[WhiteTeam "SIIRT"]
[BlackTeam "ISTANBUL"]
[WhiteFideId "6383432"]
[BlackFideId "6300359"]
[EventDate "2016.01.30"]

1. f4 d5 2. Nf3 c5 3. e3 Nc6 4. Be2 g6 5. c3 d4 6. Qc2 Nf6 7. d3 Ng4 8. e4 Bh6
9. h3 Ne3 10. Bxe3 dxe3 11. g3 O-O 12. Na3 e5 13. fxe5 Qe7 14. d4 cxd4 15. cxd4
Bd7 16. Nc4 Rac8 17. Qb3 a5 18. Nd6 Nxd4 19. Nxd4 Qxe5 20. Nxc8 Qxg3+ 21. Kd1
Rxc8 22. Rf1 Bxh3 23. Rxf7 Kh8 24. Nf3 Rd8+ 25. Kc2 Rc8+ 26. Kd3 Qd6+ 27. Nd4
Rd8 28. Qd5 Qa6+ 29. Qc4 b5 30. Qc5 Be6 1-0

[Event "Turkish Cup 2016"]
[Site "Manavgat TUR"]
[Date "2016.01.30"]
[Round "1.19"]
[White "Gulden, Egemen"]
[Black "Reyhan, Zeynel"]
[Result "1-0"]
[WhiteElo "2229"]
[BlackElo "1699"]
[WhiteTeam "IZMIR"]
[BlackTeam "ANTALYA"]
[WhiteFideId "6324983"]
[BlackFideId "6340210"]
[EventDate "2016.01.30"]

1. e4 c5 2. Nc3 g6 3. g3 Bg7 4. Bg2 Nc6 5. d3 Rb8 6. Be3 b5 7. Qd2 b4 8. Nd1 d6
9. Ne2 a5 10. O-O Nd4 11. h3 a4 12. a3 b3 13. c3 Nc2 14. Rc1 Nxe3 15. Nxe3 Ba6
16. f4 e6 17. f5 Bb7 18. fxe6 fxe6 19. Nf4 Qe7 20. d4 g5 21. Nh5 cxd4 22. cxd4
Nf6 23. Nxg7+ Qxg7 24. e5 dxe5 25. dxe5 Nh5 26. Bxb7 Qxb7 27. Nc4 Qa7+ 28. Kh2
Rf8 29. Nd6+ 1-0

[Event "Turkish Cup 2016"]
[Site "Manavgat TUR"]
[Date "2016.01.30"]
[Round "1.20"]
[White "Cosan, Gokmen"]
[Black "Burcu, Cagatay"]
[Result "1-0"]
[WhiteElo "1761"]
[BlackElo "2193"]
[WhiteTeam "K.K.T.C."]
[BlackTeam "ANTALYA"]
[WhiteFideId "6333400"]
[BlackFideId "6310630"]
[EventDate "2016.01.30"]

1. d4 d5 2. c4 c6 3. e3 Nf6 4. Nc3 e6 5. Nf3 Nbd7 6. cxd5 exd5 7. Bd3 Bd6 8. O-O
O-O 9. h3 Qe7 10. Qc2 Re8 11. Nd2 Bb4 12. a3 Bxc3 13. bxc3 Nf8 14. Bf5 Bxf5 15.
Qxf5 Ne4 16. Nxe4 Qxe4 17. Qxe4 Rxe4 18. a4 Nd7 19. a5 Ree8 20. Ba3 b5 21. axb6
axb6 22. Bd6 f5 23. Rfb1 Kf7 24. Kf1 Ke6 25. Bc7 b5 26. Ke2 Rec8 27. Bf4 h6 28.
h4 Nb6 29. Be5 g6 30. Bf4 h5 31. Kd3 Nc4 32. f3 Ra4 33. Rxa4 bxa4 34. e4 a3 35.
e5 a2 36. Ra1 Ra8 37. Kc2 Na3+ 38. Kb3 Nb1 39. Bc1 c5 40. Bb2 Nd2+ 41. Kc2 Nc4
42. Bc1 Na3+ 43. Bxa3 Rxa3 44. Kb2 Ra4 45. Rxa2 Rc4 46. Ra6+ Kd7 47. Rd6+ Kc7
48. Rxd5 cxd4 49. cxd4 Rb4+ 50. Kc3 Rb1 51. Rd6 Rh1 52. Rxg6 Rxh4 53. Kc4 Kd7
54. Kd5 Ke7 55. Rg7+ Kf8 56. Rd7 Rh2 57. e6 Rxg2 58. Kd6 Re2 59. Rh7 1-0

[Event "Turkish Cup 2016"]
[Site "Manavgat TUR"]
[Date "2016.01.30"]
[Round "1.21"]
[White "Demircioglu, Emre"]
[Black "Dogan, Ugur"]
[Result "1-0"]
[WhiteElo "2207"]
[BlackElo "1761"]
[WhiteTeam "ISTANBUL"]
[BlackTeam "ELAZIG"]
[WhiteFideId "6301878"]
[BlackFideId "34559140"]
[EventDate "2016.01.30"]

1. d4 Nf6 2. Nf3 e6 3. g3 b6 4. Bg2 Bb7 5. O-O c5 6. c4 cxd4 7. Qxd4 Be7 8. Nc3
O-O 9. Rd1 a6 10. Bf4 d5 11. Ne5 Bb4 12. cxd5 Bxc3 13. bxc3 exd5 14. c4 Nbd7 15.
cxd5 Nc5 16. Rab1 Nh5 17. Be3 Rc8 18. Qb4 Re8 19. Nc6 Bxc6 20. dxc6 Qe7 21. Qxb6
Ne4 22. Qb4 Nhf6 23. Qxe7 Rxe7 24. Bh3 Rce8 25. Rbc1 h6 26. c7 1-0

[Event "Turkish Cup 2016"]
[Site "Manavgat TUR"]
[Date "2016.01.30"]
[Round "1.22"]
[White "Aslanhan, Halis"]
[Black "Metin, Mehmet"]
[Result "0-1"]
[WhiteElo "1741"]
[BlackElo "2149"]
[WhiteTeam "BITLIS"]
[BlackTeam "ORDU"]
[WhiteFideId "6319270"]
[BlackFideId "6303730"]
[EventDate "2016.01.30"]

1. e4 e5 2. Nf3 Nc6 3. d4 exd4 4. Bc4 Nf6 5. O-O Nxe4 6. Re1 d5 7. Bxd5 Qxd5 8.
Nc3 Qh5 9. Nxe4 Be6 10. Bg5 Bd6 11. h3 O-O 12. Nxd4 Qxd1 13. Raxd1 Nxd4 14. Rxd4
Be5 15. Rb4 b6 16. Bc1 Rfe8 17. Ng5 Bf5 18. Rb5 Bd6 19. Nf3 Bxc2 20. Be3 Bd3 21.
Rg5 f6 22. Rg4 Be4 23. Nd2 Bf5 24. Rc4 Be6 25. Rc2 Rad8 26. a3 c5 27. Nc4 Bf8
28. Nd2 Bf5 29. Rcc1 Rxe3 30. Rxe3 Rxd2 31. b4 Kf7 32. g4 Be6 33. Rce1 Bd5 34.
Ra1 Bd6 35. Kf1 Be5 36. Rc1 Bb2 37. Rb1 Bd4 38. bxc5 Bxe3 39. fxe3 bxc5 40. Rc1
c4 41. Rb1 Ke6 42. Rb4 Ke5 43. Ra4 Ke4 44. Rxa7 c3 45. Ke1 Ra2 46. Ra4+ Kxe3 0-1

[Event "Turkish Cup 2016"]
[Site "Manavgat TUR"]
[Date "2016.01.30"]
[Round "1.23"]
[White "Gokerkan, Cem Kaan"]
[Black "Alaoglu, Niyazi Bekirhan"]
[Result "1-0"]
[WhiteElo "2220"]
[BlackElo "1604"]
[WhiteTeam "ISTANBUL"]
[BlackTeam "ORDU"]
[WhiteFideId "6336760"]
[BlackFideId "6316093"]
[EventDate "2016.01.30"]

1. g3 e5 2. c4 Nf6 3. Bg2 g6 4. Nc3 Bg7 5. Nf3 Nc6 6. Rb1 O-O 7. b4 d6 8. O-O
Bf5 9. d3 Qd7 10. b5 Ne7 11. Re1 c6 12. bxc6 bxc6 13. c5 Ned5 14. Bb2 Rfe8 15.
cxd6 Qxd6 16. Nd2 Rab8 17. Nce4 Qc7 18. Nxf6+ Nxf6 19. Qa4 Rb5 20. Rec1 Qa5 21.
Qxa5 Rxa5 22. Bxc6 Rc8 23. Nc4 Rxa2 24. Bb7 Rd8 25. Ra1 Rxa1 26. Rxa1 e4 27. d4
Bg4 28. Kf1 Be6 29. Ne3 Ng4 30. Nxg4 Bxg4 31. e3 Rb8 32. Rxa7 Bf8 33. Bc3 Bf3
34. Ke1 Bd6 35. Ra8 Rxa8 36. Bxa8 Kf8 37. Kd2 Ke7 38. Ba5 h5 39. h4 f6 40. Kc3
g5 41. Kc4 Ke6 42. Bd5+ Kd7 43. Bb7 gxh4 44. gxh4 Be7 45. Kd5 f5 46. Bc6+ Kc8
47. Ke6 Bxh4 48. d5 Bg4 49. d6 f4+ 50. Kf7 Bxf2 51. exf4 Bc5 52. Bxe4 Bxd6 53.
f5 Kd7 54. f6 Be6+ 55. Kg7 h4 56. f7 Be5+ 57. Kg6 Bd6 58. Bc3 Ke7 59. Bf6+ Kf8
60. Bg7+ 1-0